000 00470nam a2200181Ia 4500
005 20250508160516.0
008 008 250505s9999 xx 000 0 hin d
037 _aTextual
040 _aFEDL
_beng
_cFEDL
041 _ahin
_2eng
084 _a540.14, IND
_qFEDL
245 0 _aVigyan shabdawali III
245 0 _cIndia,. Education (Ministry of...)
260 _c1968
300 _a123p.
942 _cTEXL
_h540.14, IND
999 _c1365050
_d1365050